00520nam a2200181Ia 450000500170000000800410001704000190005804100120007708200130008924500730010226000340017530000180020950400190022765000200024665100360026670000260030285000100032820230821090605.0131103s9999 xx 000 0 und d aLoreto College aEnglish a912bPHI aPhilips'b record atlas cPhilip; cartographic editor Harold Fullard aLondonbGeorge Philipcc 1960 a173p.b maps. aIncludes index aPhilip, George  aGraphic representation of Earth aFullard, Harold; ed. aLCLIB